01351nam a22003617a 4500003000500000005001700005008004100022010001000063011001000073035001000083040000900093090001000102100003900112245011600151260004000267300001900307502008000326590003700406590004100443590004100484590004100525590004100566590004100607590004200648650003200690650003700722650003400759901000700793942001000800949003500810999001700845952012700862CHAP20220329133905.0971013s1970 r 00010 d a12323 a13295 a17366 cCHAP aTesis00aGidi Torres, Jorge Roberto.947896 aAprovechamiento de aguas subterráneas para pequeña irrigación en el área de Zacoalco, estado de Jalisco aChapingo, Méx. :bEl autor,c1970 a85 h.b: ilus. aTesis (Ing. Agr. Esp. en Irrigación) -- ENA. Departamento de Irrigación aALEPHb10c20130110lUCH01h1231 aBATCH-UPDb10c20130110lUCH01h0136 aBATCH-UPDb10c20130110lUCH01h2140 aBATCH-UPDb10c20130409lUCH01h2133 aBATCH-UPDb10c20130410lUCH01h1449 aBATCH-UPDb10c20130914lUCH01h1557 aCONVERSIONb10c20130109lUCH01h130814aAgriculturaxJalisco.9171414aAgua subterraneaxJalisco.9246814aIrrigaciónxJalisco.960427 aBK cTESIS bBCcTESd-41031eTS1i17366si c12323d12323 00102local4051708TESISaBCbBCcPA_TESISd2012-12-17fTESISl0oTesisp-41031r2019-12-31 00:00:00w2019-12-31yTESIS